| 000 | 00396pab a2200157 454500 | ||
|---|---|---|---|
| 008 | 180718b2010 xxu||||| |||| 00| 0 eng d | ||
| 100 | _aKim, Dong-Hun | ||
| 245 | _aMaking or breaking a deal: the impact of electoral systems on mergers and acquisitions | ||
| 260 | _c2010 | ||
| 300 | _ap.432-49. | ||
| 362 | _aAug | ||
| 650 | _aElections | ||
| 773 | _aKyklos | ||
| 908 | _aN | ||
| 909 | _a87590 | ||
| 999 |
_c87590 _d87590 |
||